The Elements of Computing Systems 2/e
Uloženo v:
| Hlavní autor: | |
|---|---|
| Médium: | Kniha |
| Vydáno: |
MIT Press
|
| Tagy: |
Žádné tagy, Buďte první, kdo vytvoří štítek k tomuto záznamu!
|
MARC
| LEADER | 00000nam a2200000Ia 4500 | ||
|---|---|---|---|
| 005 | 20260513122052.0 | ||
| 020 | |a 9780262539807 | ||
| 100 | |a Nisan | ||
| 365 | |||
| 365 | |b 25.00 | ||
| 942 | |c BK | ||
| 245 | |a The Elements of Computing Systems 2/e | ||
| 260 | |b MIT Press | ||
| 999 | |c 78 |d 78 | ||
| 952 | |0 0 |1 0 |4 0 |7 0 |a UNSW |b UNSW |d 2026-04-29 |g 60.00 |i 16669 |l 0 |p 000024 |r 2026-05-13 12:20:52 |v 60.00 |w 2026-05-13 |y BK | ||